01010nam a2200289 i 4500001001000000003000900010005001700019007000300036008004100039020001500080040003000095041000800125082002200133100004700155245011400202264003500316300004200351336002700393337003300420338002800453500007300481504003200554650001300586650002700599651005300626700004100679000030346DO-SdBNP20240514122510.0ta110510s1994 dr d 000 0 spa d a8489525404 aDO-SdBNPbspacBNPHUerda hspa 4a658.32bR696s2221 aRodríguez R., Víctor Melitón,eautor10aSalarios y beneficios del trabajo /cVíctor Melitón Rodríguez R. ; prólogo Luís A. Scheker Ortíz. aSanto Domingo :bINTEC,c1994. a335 páginas :bgráficos ;c22 cm. 2rdacontentatextobtxt 2rdamediaasin mediaciónbn 2rdacarrieravolumenbnc aIncluye referencias bibliográficas y notas al pie de las páginas aBibliografía : p 325-335. 0aSalarios 4aAnálisis ocupacional 4aRepública DominicanaxCondiciones Económicas12aScheker Ortíz, Luís A.,epról.